000 00640nam a2200205Ia 4500
005 20250923145338.0
008 008 250917s9999 xx 000 0 eng d
037 _aTextual
040 _aDSWL
_beng
_cDSWL
041 _aeng
_2eng
084 _aYX.ZF.56, N76
_qDSWL
100 _aThomas, David N.
_9834308
245 0 _aOrganising for Social Change:A study in the theory and practice of community work
_c by David N. Thomas
260 _aLondon
_bGeorge Allen & Unwin Ltd.
_c1976
300 _a199p.
365 _aINR
_b79 . 30
925 _g79 . 30
942 _cTEXL
_hYX.ZF.56, N76
999 _c1450262
_d1450262